Pays-Bas - Joueurs emblématiques - Statistiques

Statistiques générales
  • Ce quiz a été pris 174 fois
  • Le résultat moyen est 17 sur 30
Statistiques - réponses
Indices Joueur % Correct
Meilleur buteur de l'Ajax Amsterdam, Ballon d'or 1971, 1973 et 1974, 4 fois champion d'Espagne avec le FC Barcelone Johan Cruyff
95%
Meilleur buteur non-allemand du Bayern Munich, célèbre pour son duo avec Franck Ribéry au Bayern, 4ème du ballon d'or 2014 Arjen Robben
90%
Joueur réputé pour ses gestes spéctaculaires, ballon d'or 1988, 1989 et 1992, 5ème meilleur buteur de l'AC Milan Marco Van Basten
86%
Joueur considéré comme le milieu de terrain le plus polyvalent de l'histoire du football, ballon d'or 1987, vainqueur du championnat d'Europe 1988 Ruud Gullit
84%
Meilleur buteur de la sélection avec 50 buts, 3ème meilleur buteur d'Arsenal Robin Van Persie
82%
Joueur réputé pour sa frappe de balle surpuissante , meilleur buteur pour un défenseur dans l'histoire du football avec 193 réalisations, actuel sélectionneur Ronald Koeman
80%
Gardien le plus capé de la sélection, auteur d'un but avec l'Ajax Amsterdam, plus vieux joueur en finale de Ligue des Champions Edwin Van der Sar
78%
3ème meilleur buteur de Manchester United, champion d'Espagne 2007 et 2008 avec le Real Madrid Ruud Van Nistelrooy
78%
Actuel capitaine de la sélection, vainqueur de la Ligue des Champions 2019 avec Liverpool, 2ème du ballon d'or 2019 Virgil Van Dijk
78%
Joueur doté d'une touche de balle incroyable, légende d'Arsenal avec plus de 400 matchs, 4ème meilleur buteur de la sélection Dennis Bergkamp
75%
Joueur sunrnomné "le Pitbull" célèbre pour porter des lunettes sur le terrain , 3 fois finaliste de la C1 dont 2 fois avec la Juventus Edgar Davids
74%
Joueur le plus capé de la sélection, vainqueur de la Ligue des Champions 2010 avec l'Inter Milan, 4ème du ballon d'or 2010 Wesley Sneijder
70%
Vainqueur de 4 Ligue des Champions avec 3 clubs différents, Joueur non-italien le plus capé de l'AC Milan Clarence Seedorf
69%
Champion d'Europe 1988 en sélection, considéré comme l'un des meillleur milieux de terrain de son époque, vainqueur de la C1 2006 avec le FC Barcelone en tant qu'entraineur Frank Rijkaard
68%
5ème meilleur buteur du FC Barcelone au XXIème siècle, Vainqueur de la C1 avec l'Ajax Amsterdam en 1995, actuel directeur de la formation du FC Barcelone Patrick Kluivert
66%
2ème meilleur buteur de l'histoire de Schalke 04 et de la sélection, meilleur buteur des éliminatoires de l'Euro 2012 Klas-Jan Huntelaar
50%
Champion d'Angleterre de 1999 à 2001 avec Manchester United, élu meilleur défenseur de l'année en 1999 et 2000 Jaap Stam
46%
Légende de Liverpool avec près de 300 matchs, finaliste de la Ligue des Champions 2007 et de la Coupe du Monde 2010 Dirk Kuyt
44%
Joueur comptant 250 matchs avec le Sparta Rotterdam, surtout célèbre pour sa carrière d'entraîneur avec notamment l'Ajax Amsterdam, le FC Barcelone et Manchester United Louis van Gaal
44%
Vainqueur de la Ligue des Champions 1995, joueur hollandais le plus cher de l'époque lorqu'il signe au FC Barcelone pour 40 millions d'euros Marc Overmars
44%
Milieu de terrain passé par le FC Barcelone, L'AC Milan et le Bayern Munich, célèbre pour sa qualité de passe et sa puissance de frappe mais aussi pour sa capacité à provoquer ses adversaires Mark Van Bommel
42%
Joueur considéré comme le succeseur de Ronald Koeman au FC Barcelone, légende de l'Ajax avec plus de 400 matchs, actuel entraîneur de l'Atlanta United Frank De Boer
38%
Vainqueur de la Coupe Intertoto 2005 avec Hambourg, finaliste de la Coupe du Monde 2010, premier joueur a remporter le Golden Boy en 2003 Rafael Van der Vaart
35%
Attaquant passé par Bastia et Saint-Etienne, finaliste de la Coupe du Monde 1974 et 1978, meilleur buteur de l'histoire de Saint-Etienne en Coupe d'Europe Johnny Rep
31%
Latéral gauche le plus capé de la sélection, vainqueur de la Ligue des Champions 2006 avec le FC Barcelone, actuel entraîneur du club de Guangzhou R&F en Chine Giovanni Van Bronckhorst
29%
Joueur passé par le FC Barcelone réputé pour son endurance et sa combativité, Vainqueur de trois C1 avec l'Ajax entre 1971 et 1973 Johan Neeskens
26%
Actuel entraîneur du Derby Country, sélectionné 101 fois en équipe nationale, vainqueur de la Liga 1999 avec le FC Barcelone Philippe Cocu
25%
Vainqueur de trois Ligue des Champions avec l'Ajax Amsterdam, 3ème du ballon d'or 1979, joueur capable de jouer partout en défénse Ruud Krol
16%
Arrière droit passé par le Fc Metz comptant presque 400 matchs avec l'Ajax Amsterdam, finaliste des Coupe du Monde 1974 et 1978 Wim Suurbier
6%
Idole de Johan Cruyff, attaquant auteur de 35 buts en 38 sélections avec l'équipe nationale, considéré comme la première star du football européen Faas Wikes
0%
Aucun quiz correspondant
Distribution des résultats
% des personnes avec chaque résultat
Percentile par nombre de réponses
Votre historique - résultats
Vous n’avez pas pris ce quiz